| 000 | 00831nam a2200301Ia 4500 | ||
|---|---|---|---|
| 001 | Z_1605 | ||
| 003 | CHAP | ||
| 008 | 220113s1984 xx 000 0 und d | ||
| 010 | _a164692 | ||
| 040 | _cCHAP | ||
| 082 | _a636.0852 M2y | ||
| 100 |
_aMcDowell, L R _9138756 |
||
| 245 |
_aMinerales para rumiantes en pastoreo en regiones tropicales 1984 / _cpor L. R. Mc Dowell... [y otros] |
||
| 260 |
_aGainesville, Fla. : _bUniversity of Florida. Department of Animal Science, _c1984 |
||
| 300 | _a90 p. ; ilus | ||
| 440 |
_aBoletín _913507 |
||
| 500 | _a | ||
| 503 | _a | ||
| 650 |
_aAnimales _xElementos minerales _95861 |
||
| 650 |
_aGanado vacuno _xTrópicos _945522 |
||
| 650 | _aNutrición animal | ||
| 901 | _a636.0852 M2y | ||
| 902 | _aA | ||
| 910 | _a1984 | ||
| 942 | _c1 | ||
| 942 | _cc1 | ||
| 999 |
_c164692 _d164692 |
||